Zavírací hodina /

Hlavní autor: Block, Lawrence, 1938-
Další autoři: Rejchrtová, Alžběta, 1947-
Jazyk: Čeština
Vydáno: V Praze : Vyšehrad, 2000
Vydání: Vyd. 1.
Témata:
Externí odkaz: Digitalizovaný dokument
Fyzický popis: 205 s. ; 21 cm
Knihy
Uloženo v:
LEADER 01259nam a2200325 a 4500
001 000487006
003 CZ BrMZK
005 20070523062538.0
008 000115s2000 xr g f cze d
015 |a cnb000973179 
020 |a 80-7021-352-3 
035 |a (OCoLC)45372479 
040 |a BOA001  |b cze 
072 7 |a 821.111(73)-3  |x Americká próza  |2 Konspekt  |9 25 
080 |a 821.111(73)-31  |2 MRF 
080 |a (0:82-312.4)  |2 MRF 
100 1 |a Block, Lawrence,  |d 1938-  |7 jn20001103602  |4 aut 
245 1 0 |a Zavírací hodina /  |c Lawrence Block ; [z angličtiny přeložila Alžběta Rejchrtová] 
250 |a Vyd. 1. 
260 |a V Praze :  |b Vyšehrad,  |c 2000 
300 |a 205 s. ;  |c 21 cm 
500 |a Dostupné též v digitální podobě v aplikaci Kramerius 
655 7 |a americké romány  |7 fd131796  |2 czenas 
655 7 |a detektivní romány  |7 fd132010  |2 czenas 
700 1 |a Rejchrtová, Alžběta,  |d 1947-  |7 ola2004175187  |4 trl 
765 0 |t When the sacred ginmill closes 
856 4 1 |u http://www.digitalniknihovna.cz/mzk/uuid/uuid:856240c0-b80b-11e8-bbaa-005056827e52  |y Digitalizovaný dokument  |x NDK 
910 |a BOA001  |b D-1074.883 
990 |a BK 
996 6 |b 2610118303  |c D-1074.883  |l MZK  |r Sklad / do 24 hodin  |n 0  |p p.v.  |w 000487006  |u 000010  |a 1  |e BOA001  |j MZK50  |s P